Wofür stehen diese Ortsnamen-Bestandteile? - Statistiken

Allgemein
  • Dieses Quiz wurde 36 mal gespielt
  • Das Durchschnittsergebnis liegt bei 4 aus 8
Antwortstatistiken
Frage Antwort % Korrekt
Wofür steht "-born" in Paderborn oder Quickborn? Brunnen, Quelle
88%
Wofür steht "-itz" oder "-itzsch" in Schkeuditz oder Delitzsch Slawisch für Siedlung
85%
Wofür steht "-ach" in Eisenach? Althochdeutsch für Fluss
71%
Wofür steht "-broich" in Grevenbroich oder Korschenbroich? Sumpflandschaft
59%
Wofür steht "-reuth" in Bayreuth? Auf einem ehemaligen Wald
50%
Wofür steht "-büttel" in Wolfenbüttel oder Brunsbüttel? niederdeutsch für Siedlung
41%
Wofür steht "-hude" in Buxtehude oder Ritterhude? Lagerplatz am Wasser
21%
Wofür steht "-leben" in Eisleben oder Aschersleben? Zurückgelassener Ort
15%
Keine übereinstimmenden Quizze gefunden
Verteilung der Resultate
Anzahl Personen mit jedem Resultat
Perzentil nach korrekt beantworteten Fragen
Ihre Resultats-Entwicklung
Sie haben dieses Quiz noch nicht gespielt